Za tajemstvím počítačových her /

Saved in:
Bibliographic Details
Main Authors: Čeláková, Naděžda (Author), Čelák, Jan (Author)
Format: Book
Language:Czech
Published: Praha : Grada, 1992
Edition:1.vyd.
Tags: Add Tag
No Tags, Be the first to tag this record!

MARC

LEADER 00000nam a22000003a 4500
001 stu3369
005 20201002114852.1
008 930325s1992----cs------------------cze-d
040 |a STU  |b slo 
041 0 |a cze 
044 |a cs 
080 |a 681.32.06 
080 |a 519.68 
080 |a 79 
100 1 |a Čeláková, Naděžda  |4 aut 
245 1 |a Za tajemstvím počítačových her /  |c [aut.] Čeláková,Naděžda; Čelák,Jan 
250 |a 1.vyd. 
260 |a Praha :  |b Grada,  |c 1992 
300 |a 165 s 
700 1 |a Čelák, Jan  |4 aut 
996 |b E78014  |c E*78014  |l EE03  |s P  |a 0  |w stu3369_0001